000 00773nam a2200205Ii 4500
003 JO-AjNU
008 230605s9999||||xx |||||||||||||| ||und||
040 _aJO-AjNU
_bara
_erda
_cJO-AjNU
041 _aara
050 1 4 _aHD9560.A7.T3.1981
100 3 _aالتنير،سمير,
_eauthor
_920681
245 0 0 _aمدخل الى استراتيجية النفط العربي
264 3 1 _aبيروت:معهد الانماء العربي،1981
300 _a227ص
_bيحتوي على جداول وببلوغرافية من ص215 -ص227
336 _atext
_btxt
_2rdacontent
337 _aunmediated
_bn
_2rdamedia
338 _avolume
_bnc
_2rdacarrier
490 0 _aالدراسات الاقتصادية والاستراتيجية
650 4 _aالنفط -اقتصاد
_920682
999 _aA7055
_c10623
_d10623